Selfishness, altruism, and rationality : a theory of social choice /

Bibliographic Details
Main Author: Margolis, Howard
Format: Book
Language:English
Published: Cambridge [Cambridgeshire] ; New York : Cambridge University Press, 1982.
Subjects:

MARC

Tag First Indicator Second Indicator Subfields
LEADER 00000pam a2200000 a 4500
001 in00000048941
005 20151007075750.0
008 810929s1982 enka b 00110 eng
010 |a  81017003  
020 |a 0521240689 
035 |a (OCoLC)07875550 
035 |9 AAF3775AM 
039 0 |a 2  |b 3  |c 3  |d 3  |e 3 
040 |a DLC  |c DLC  |d TXA  |d UtOrBLW 
049 |a TXAM  |c [1362444] 
050 0 0 |a HB846.8  |b  M37 
082 0 |a 302  |2 19 
100 1 |a Margolis, Howard. 
245 1 0 |a Selfishness, altruism, and rationality :  |b a theory of social choice /  |c Howard Margolis. 
264 1 |a Cambridge [Cambridgeshire] ;  |a New York :  |b Cambridge University Press,  |c 1982. 
300 |a xii, 194 pages :  |b illustrations ;  |c 24 cm. 
336 |a text  |b txt  |2 rdacontent 
337 |a unmediated  |b n  |2 rdamedia 
338 |a volume  |b nc  |2 rdacarrier 
500 |a Includes index. 
504 |a Bibliography: pages 189-191. 
650 0 |a Social choice. 
650 0 |a Altruism. 
650 0 |a Self-interest. 
999 |a MARS 
999 f f |s 58c5011f-c384-34c0-ae87-aea2d70a3d43  |i f2fb613e-d4fe-3a01-abcb-f9a8fd9b0701  |t 0 
952 f f |p ric  |a Texas A&M University  |b Rellis Campus  |c Joint Library Facility  |d Remote Storage  |t 0  |e HB846.8 M37  |h Library of Congress classification  |i unmediated -- volume  |m A14805943022 
998 f f |a HB846.8 M37  |t 0  |l Remote Storage